| 000 | 00512nam a2200181 a 4500 | ||
|---|---|---|---|
| 001 | 000024983 | ||
| 005 | 20200930023505.0 | ||
| 008 | 110208s1969 mx r 000 0 spa d | ||
| 040 |
_aDO-SdBNP _bspa _cBNPHU |
||
| 082 |
_aNNN _bM538e, 1969 |
||
| 100 | 1 |
_aMéndez, Aquile _951263 |
|
| 245 | 1 | 0 |
_aEtica profesional / _cAquiles Menéndez. |
| 250 | _a4a ed. | ||
| 260 |
_aMéxico : _bHerrero Hermanos Editores, _c1969. |
||
| 300 |
_axv, 281 p. ; _c22 cm. |
||
| 500 | _aIncluye bibliografía (p. 23) | ||
| 049 | _aBNGR | ||
| 999 |
_c24476 _d24476 |
||